Địa lý kinh tế - xã hội Việt Nam Bài giảng
.
Đã lưu trong:
| Tác giả chính: | |
|---|---|
| Định dạng: | Sách |
| Năm xuất bản: |
Quảng Bình
2016
|
| Chủ đề: | |
| Tags: |
Thêm thẻ
Không có thẻ, Hãy là người đầu tiên gắn thẻ bản ghi này!
|
| LEADER | 00562nam a2200145 4500 | ||
|---|---|---|---|
| 999 | |c 14988 |d 14988 | ||
| 082 | |a 330.9597 |b D561TH | ||
| 100 | |a Dương Thị Phương | ||
| 245 | |a Địa lý kinh tế - xã hội Việt Nam |b Bài giảng |c Dương Thị Phương | ||
| 260 | |a Quảng Bình |c 2016 | ||
| 300 | |a 108 tr |c 29 cm | ||
| 520 | |a . | ||
| 653 | |a Địa lý |a Địa lý kinh tế |a Việt Nam |a Bài giảng | ||
| 942 | |2 ddc |c TC | ||
| 952 | |0 0 |1 0 |2 ddc |4 0 |6 330_959700000000000_D561TH |7 0 |8 300 |9 113588 |a qbu |b qbu |c D1 |d 2017-11-16 |o 330.9597 D561TH |p BG567.C1 |r 2017-11-16 |w 2017-11-16 |y TC | ||